| 000 | 00515nam a22002057a 4500 | ||
|---|---|---|---|
| 003 | OSt | ||
| 005 | 20140310183108.0 | ||
| 008 | 130305t xxu||||| |||| 00| 0 eng d | ||
| 020 | _a9789712725753 | ||
| 050 |
_aTX 724.5 _b.D277 2011 |
||
| 082 |
_aFIL 641.59599 _bD277 2011 |
||
| 245 |
_aFestive dishes _cDaza, Nora V. |
||
| 260 |
_aManila _bAnvil Publishing _cc2011 |
||
| 300 |
_a201p. _c23cm. |
||
| 521 | _aCollege | ||
| 526 | _c1210L-1700L | ||
| 541 | _j1 | ||
| 562 | _e1 | ||
| 942 |
_2lcc _cBK _kFIL |
||
| 999 |
_c18813 _d18813 |
||